000
00257nam a22001217a 4500
003
SGT
082
_b
RIO
100
_a
RIORDAN, RICK
245
_a
JPERCY ACKSON AND THE TITANS CURSE
260
_a
NY
_b
HB. PUB.
_c
2007
300
_a
294
942
_2
ddc
_c
BK
_0
6
999
_c
20265
_d
20265